000 00336nam a22001337a 4500
008 190306b xxu||||| |||| 00| 0 eng d
020 _a2740221076658
041 _aeng
080 _a316
100 _a50
101 _aSOC
245 _aGender actualized. Cases in communicatively constructing realities
_cKirby, E.L
942 _2udc
_cBK
999 _c54641
_d54641